[Event "Lliga Catalana DH"]
[Site "Barcelona"]
[Date "2018.03.03"]
[Round "7.5"]
[White "Colon Garcia, Enrique"]
[Black "Ballesteros Collazos, Sergi"]
[Result "1-0"]
[WhiteElo "2406"]
[BlackElo "2319"]
[PlyCount "47"]
[EventDate "2018.??.??"]
[EventCountry "ESP"]
[WhiteTeam "SAN"]
[BlackTeam "CAT"]

1. e4 c5 2. Nf3 d6 3. d4 cxd4 4. Nxd4 Nf6 5. Nc3 a6 6. a3 e5 7. Nf5 d5 8. Bg5
d4 9. Bxf6 Qxf6 10. Nd5 Qd8 11. Qg4 g6 12. Qg3 Bd6 13. Nxd6+ Qxd6 14. h4 Nd7
15. O-O-O Nf6 16. Rxd4 O-O 17. h5 Nxe4 18. Rxe4 Qxd5 19. Rxe5 Qa2 20. hxg6 Qa1+
21. Kd2 Rd8+ 22. Bd3 Rxd3+ 23. Qxd3 Qxh1 24. gxf7+ 1-0

[Event "Lliga Catalana DH"]
[Site "Barcelona"]
[Date "2018.03.03"]
[Round "7.6"]
[White "Saez Coma, Alejandro"]
[Black "Castelltort Fernandez, Antoni"]
[Result "0-1"]
[WhiteElo "2218"]
[BlackElo "2345"]
[PlyCount "58"]
[EventDate "2018.??.??"]
[EventCountry "ESP"]
[WhiteTeam "CAT"]
[BlackTeam "SAN"]

1. d4 f5 2. Nf3 Nf6 3. Bf4 d6 4. c4 g6 5. Nc3 c6 6. h3 Bg7 7. e3 O-O 8. Be2 Qe8
9. O-O h6 10. b4 g5 11. Bh2 g4 12. hxg4 Nxg4 13. Nh4 Qh5 14. Bxg4 fxg4 15. g3
Bf6 16. Ng2 e5 17. Ne4 Be7 18. dxe5 dxe5 19. Nd6 Be6 20. c5 Na6 21. e4 Rad8 22.
Ne3 Bxd6 23. cxd6 Qg6 24. Qd3 Nxb4 25. Qb1 c5 26. Rd1 Nc6 27. Qxb7 Nd4 28. Nd5
Nf3+ 29. Kg2 Qh5 0-1

[Event "Lliga Catalana DH"]
[Site "Barcelona"]
[Date "2018.03.03"]
[Round "7.7"]
[White "Castellano Egea, Einar"]
[Black "Vigo Allepuz, David"]
[Result "1-0"]
[WhiteElo "2298"]
[BlackElo "2223"]
[PlyCount "65"]
[EventDate "2018.??.??"]
[EventCountry "ESP"]
[WhiteTeam "SAN"]
[BlackTeam "CAT"]

1. e4 e6 2. b3 d5 3. Bb2 Nf6 4. e5 Nfd7 5. f4 c5 6. Nc3 a6 7. Qg4 h5 8. Qg3 Nc6
9. Nf3 Ne7 10. a4 Nf5 11. Qh3 Rh6 12. O-O-O d4 13. Ne4 Nb6 14. c4 dxc3 15. dxc3
Nd5 16. c4 Nxf4 17. Rxd8+ Kxd8 18. Nfg5 Nxh3 19. Nxf7+ Kc7 20. Nxh6 Nxh6 21.
gxh3 Bd7 22. Rg1 Nf5 23. Be2 h4 24. Rg6 Ne7 25. Rg4 Nf5 26. Rg6 Ne7 27. Rg4 Nf5
28. Bd3 Be7 29. Rg6 Rf8 30. Kd2 Rf7 31. Ke2 Bd8 32. Nxc5 Ne7 33. Nxe6+ 1-0

[Event "Lliga Catalana DH"]
[Site "Barcelona"]
[Date "2018.03.03"]
[Round "7.8"]
[White "Morcillo Ferran, Jordi"]
[Black "Bautista Sanchez, Joan"]
[Result "1/2-1/2"]
[WhiteElo "2214"]
[BlackElo "2284"]
[PlyCount "66"]
[EventDate "2018.??.??"]
[EventCountry "ESP"]
[WhiteTeam "CAT"]
[BlackTeam "SAN"]

1. e4 c6 2. d4 d5 3. exd5 cxd5 4. Bd3 Nc6 5. c3 Nf6 6. Bf4 Bg4 7. Qb3 Qc8 8.
Nd2 e6 9. Ngf3 Be7 10. O-O O-O 11. Rfe1 a6 12. Ne5 Bh5 13. a4 Nxe5 14. Bxe5 Bg6
15. Bxg6 hxg6 16. h4 Qd7 17. a5 Rfc8 18. Qa4 Qb5 19. Qxb5 axb5 20. Nb3 Nd7 21.
Bg3 b4 22. cxb4 Bxb4 23. Rec1 Rc4 24. Rxc4 dxc4 25. Ra4 cxb3 26. Rxb4 Rxa5 27.
Rxb7 Rd5 28. Rxb3 Rxd4 29. Rb7 e5 30. f3 f6 31. Kf1 Kf7 32. Bf2 Rd5 33. Ke2 Ke6
1/2-1/2

[Event "Lliga Catalana DH"]
[Site "Barcelona"]
[Date "2018.03.03"]
[Round "7.9"]
[White "Subirats Ruiz, Sergi"]
[Black "Martin Tarro, David"]
[Result "1-0"]
[WhiteElo "2284"]
[BlackElo "2156"]
[PlyCount "98"]
[EventDate "2018.??.??"]
[EventCountry "ESP"]
[WhiteTeam "SAN"]
[BlackTeam "CAT"]

1. e4 e6 2. Qe2 Nc6 3. f4 Be7 4. Nf3 d5 5. d3 dxe4 6. dxe4 Nd4 7. Qd3 Nxf3+ 8.
Qxf3 Bd7 9. Nc3 Bc6 10. Bd2 Nf6 11. O-O-O Bc5 12. Be1 Nd7 13. a3 a6 14. Bc4 b5
15. Bd3 b4 16. axb4 Bxb4 17. Qg4 O-O 18. e5 Rb8 19. Bh4 Be7 20. Bg3 Rb4 21.
Rhe1 Qb8 22. b3 Nc5 23. Bc4 Nxb3+ 24. Bxb3 Rxb3 25. cxb3 Qxb3 26. Re3 Ba3+ 27.
Kd2 Bb4 28. Rc1 Bb5 29. Bh4 Qd5+ 30. Ke1 Qd4 31. Qf3 f6 32. Rd1 Bxc3+ 33. Rxc3
Qg1+ 34. Kd2 Rd8+ 35. Kc1 Rxd1+ 36. Qxd1 Qxh2 37. Qd8+ Kf7 38. Rxc7+ Kg6 39.
Rxg7+ Kf5 40. Qxf6+ Ke4 41. Be1 Qg1 42. Qh4 Qc5+ 43. Kb2 Qd4+ 44. Bc3 Qe3 45.
Qe1 Be2 46. Rg3 Qb6+ 47. Ka1 Qb5 48. Bb2 Qa5+ 49. Qxa5 Bb5 1-0

[Event "Lliga Catalana DH"]
[Site "Barcelona"]
[Date "2018.03.03"]
[Round "7.10"]
[White "Petit Montes, Marc"]
[Black "Delisau Gil, Oriol"]
[Result "0-1"]
[WhiteElo "2268"]
[BlackElo "2172"]
[PlyCount "80"]
[EventDate "2018.??.??"]
[EventCountry "ESP"]
[WhiteTeam "CAT"]
[BlackTeam "SAN"]

1. d4 Nf6 2. Bg5 e6 3. e4 h6 4. Bxf6 Qxf6 5. c3 b6 6. Nd2 Bb7 7. Bd3 d6 8. Ne2
Nd7 9. O-O g6 10. f4 Bg7 11. e5 Qe7 12. Qa4 O-O 13. Qc2 Rac8 14. Be4 Ba6 15.
Nf3 c5 16. Qd2 Rfd8 17. Qe3 cxd4 18. cxd4 dxe5 19. fxe5 Qb4 20. Rf2 Qxb2 21.
Rb1 Qxa2 22. Nf4 Qa4 23. Bxg6 fxg6 24. Nxe6 Re8 25. Nxg7 Kxg7 26. Qe4 Qc6 27.
Qg4 Qe6 28. Qg3 Rf8 29. Rd1 Bb7 30. Nh4 Rxf2 31. Qxf2 Qg4 32. Rb1 Rf8 33. Qe1
Qxd4+ 34. Kh1 Qxe5 35. Qd2 Rf7 36. Re1 Qf6 37. Nf3 Bxf3 38. gxf3 Qxf3+ 39. Kg1
Nc5 40. Qd4+ Qf6 0-1

[Event "Lliga Catalana DH"]
[Site "?"]
[Date "2018.03.03"]
[Round "7.1"]
[White "Vila Gazquez, Xavier"]
[Black "Asis Gargatagli, Hipolito"]
[Result "1/2-1/2"]
[WhiteElo "2530"]
[BlackElo "2561"]
[PlyCount "58"]
[EventDate "2018.03.05"]
[WhiteTeam "BAB"]
[BlackTeam "SCU"]

1. e4 c5 2. Nf3 d6 3. Bb5+ Nd7 4. O-O a6 5. Bd3 Ngf6 6. a4 b6 7. Re1 Bb7 8. Na3
e6 9. c3 Qc7 10. Bc2 c4 11. Qe2 Rc8 12. Nd4 Be7 13. d3 cxd3 14. Bxd3 Nc5 15. f3
Nxd3 16. Qxd3 Nd7 17. Qe2 O-O 18. Nac2 Bf6 19. Ne3 Nc5 20. Ra3 Rfe8 21. Rd1 h5
22. Qf2 g6 23. Qg3 Bg7 24. Qh4 Nd7 25. Ra1 Ne5 26. Qg3 Kh7 27. Qh4 Kg8 28. Qg3
Kh7 29. Qh4 Kg8 1/2-1/2

[Event "Lliga Catalana DH"]
[Site "?"]
[Date "2018.03.03"]
[Round "7.2"]
[White "Alonso Bouza, Julio Javier"]
[Black "Rizouk, Aimen"]
[Result "1/2-1/2"]
[WhiteElo "2373"]
[BlackElo "2494"]
[PlyCount "72"]
[EventDate "2018.03.05"]
[WhiteTeam "SCU"]
[BlackTeam "BAB"]

1. e4 e5 2. Nf3 Nc6 3. Bc4 Bc5 4. O-O Nf6 5. d4 Bxd4 6. Nxd4 Nxd4 7. Be3 Ne6 8.
f4 exf4 9. e5 d5 10. exf6 dxc4 11. Qxd8+ Kxd8 12. fxg7 Rg8 13. Bxf4 Nxf4 14.
Rxf4 Be6 15. Na3 c3 16. b3 Ke7 17. Nb5 Rxg7 18. Nxc7 Rd8 19. Nxe6 fxe6 20. Rc4
Rg5 21. Rc7+ Rd7 22. Rxd7+ Kxd7 23. Rd1+ Ke7 24. Rd3 Rc5 25. a4 a6 26. Kf2 b5
27. axb5 axb5 28. Rd4 e5 29. Rd1 Ke6 30. Ke3 Rc7 31. Rd8 Rg7 32. g3 Rg4 33. Kf3
h5 34. Re8+ Kd5 35. Rd8+ Ke6 36. Re8+ Kd5 1/2-1/2

[Event "Lliga Catalana DH"]
[Site "?"]
[Date "2018.03.03"]
[Round "7.3"]
[White "Alonso Moyano, Jonathan"]
[Black "Lillo Castany, Victor"]
[Result "0-1"]
[WhiteElo "2458"]
[BlackElo "2401"]
[PlyCount "58"]
[EventDate "2018.03.05"]
[WhiteTeam "BAB"]
[BlackTeam "SCU"]

1. e4 e5 2. Nf3 Nc6 3. Bc4 Nf6 4. Qe2 Be7 5. O-O O-O 6. c3 d6 7. h3 h6 8. d3
Re8 9. a4 Bf8 10. Nh2 Be6 11. Nd2 Qd7 12. Rd1 Rad8 13. Bxe6 Rxe6 14. Nc4 d5 15.
exd5 Nxd5 16. Ng4 Qe8 17. g3 Kh7 18. Bd2 a5 19. Nge3 Nf4 20. gxf4 exf4 21. Qh5
fxe3 22. Bxe3 Ne5 23. Nxe5 Rxe5 24. Qf3 Rd6 25. d4 Re4 26. Bd2 Rg6+ 27. Kf1 Qe6
28. Be3 Rf6 29. d5 Qe5 0-1

[Event "Lliga Catalana DH"]
[Site "?"]
[Date "2018.03.03"]
[Round "7.4"]
[White "Lerch Gallemi, Josep Maria"]
[Black "Perez Mañas, Benjamin"]
[Result "0-1"]
[WhiteElo "2322"]
[BlackElo "2410"]
[PlyCount "60"]
[EventDate "2018.03.05"]
[WhiteTeam "SCU"]
[BlackTeam "BAB"]

1. e4 c5 2. Nc3 d6 3. f4 g6 4. Nf3 Bg7 5. Bb5+ Bd7 6. a4 Nc6 7. O-O e6 8. Bxc6
Bxc6 9. Qe1 Ne7 10. d3 d5 11. Bd2 O-O 12. b3 b6 13. Rd1 d4 14. Nb1 a6 15. Ne5
Be8 16. Na3 b5 17. a5 f6 18. Nf3 Nc6 19. Ra1 Qd6 20. Qh4 Ra7 21. Rae1 c4 22.
Nb1 c3 23. Bc1 b4 24. e5 Qd5 25. exf6 Bxf6 26. Ng5 Bxg5 27. fxg5 Raf7 28. Rxf7
Rxf7 29. Qe4 Qxe4 30. Rxe4 e5 0-1

[Event "Lliga Catalana DH"]
[Site "?"]
[Date "2018.03.03"]
[Round "7.5"]
[White "Obon Temprano, Sergi"]
[Black "Mateos Rozas, Miguel Angel"]
[Result "1/2-1/2"]
[WhiteElo "2384"]
[BlackElo "2295"]
[PlyCount "89"]
[EventDate "2018.03.05"]
[WhiteTeam "BAB"]
[BlackTeam "SCU"]

1. d4 Nf6 2. Nf3 e6 3. e3 d6 4. Bd3 Nbd7 5. Nbd2 g6 6. O-O Bg7 7. e4 O-O 8. Qe2
e5 9. dxe5 Nxe5 10. Nxe5 dxe5 11. Nf3 Qe7 12. Bd2 b6 13. Bc3 Ne8 14. Bc4 Bb7
15. Rad1 Nd6 16. Bd5 c6 17. Bc4 a5 18. Bd3 c5 19. Rfe1 Bc6 20. b3 Rfd8 21. Bd2
h6 22. a4 Rd7 23. Bc3 Rad8 24. Nd2 Kh7 25. f3 h5 26. Nc4 Nxc4 27. Bxc4 f6 28.
Rxd7 Qxd7 29. Qd3 Bh6 30. Qxd7+ Rxd7 31. Bd3 Kg7 32. Kf2 Kf7 33. Ke2 Ke7 34. g3
Rd6 35. Rf1 Bd7 36. Bc4 Bh3 37. Rd1 Rxd1 38. Kxd1 Be3 39. Ke1 Bg1 40. Bf1 Bc8
41. h4 Be3 42. Bc4 Bh3 43. Ke2 Bc1 44. Be1 g5 45. Bd2 1/2-1/2

[Event "Lliga Catalana DH"]
[Site "?"]
[Date "2018.03.03"]
[Round "7.6"]
[White "Romero Calderon, Joan"]
[Black "Martinez Ramirez, Erik"]
[Result "0-1"]
[WhiteElo "2301"]
[BlackElo "2335"]
[PlyCount "66"]
[EventDate "2018.03.05"]
[WhiteTeam "SCU"]
[BlackTeam "BAB"]

1. d4 Nf6 2. Nf3 g6 3. c4 Bg7 4. Nc3 d5 5. h3 O-O 6. Bf4 c5 7. e3 Nc6 8. Be2
cxd4 9. exd4 b6 10. Ne5 Bb7 11. Bf3 e6 12. cxd5 Nxd5 13. Nxd5 Nxe5 14. Nf6+
Qxf6 15. Bxb7 Qxf4 16. Bxa8 Nc4 17. Bf3 Bxd4 18. g3 Qe5+ 19. Qe2 Bxb2 20. Rd1
Qa5+ 21. Kf1 Qxa2 22. Kg2 Qa4 23. Rb1 Bd4 24. Rhc1 Ne5 25. Be4 f5 26. Bc6 Qa5
27. Bb5 f4 28. f3 fxg3 29. Rc2 Nxf3 30. Qxe6+ Kg7 31. Qe4 Be5 32. Be2 Nd4 33.
Rb5 Rf2+ 0-1

[Event "Lliga Catalana DH"]
[Site "?"]
[Date "2018.03.03"]
[Round "7.7"]
[White "Carrasco Rodriguez, Jesus"]
[Black "Brusi Noguera, Ricardo"]
[Result "1-0"]
[WhiteElo "2285"]
[BlackElo "2310"]
[PlyCount "119"]
[EventDate "2018.03.05"]
[WhiteTeam "BAB"]
[BlackTeam "SCU"]

1. b3 d5 2. Bb2 Bg4 3. h3 Bh5 4. g4 Bg6 5. Bg2 c6 6. Nf3 f6 7. d4 e6 8. Qd2 Nd7
9. c4 Bd6 10. Ba3 Qe7 11. Bxd6 Qxd6 12. Nc3 Ne7 13. e3 O-O 14. O-O Rad8 15. Qb2
Bd3 16. Rfc1 f5 17. Ne1 dxc4 18. bxc4 Bxc4 19. Ne4 fxe4 20. Rxc4 b5 21. Rc2 Nb6
22. Bxe4 Nc4 23. Qc1 Nd5 24. Nd3 Qe7 25. Ne5 Nxe5 26. dxe5 Qg5 27. Rxc6 Qxe5
28. Bxd5 Rxd5 29. Rc8 Rd1+ 30. Qxd1 Rxc8 31. Rc1 Rxc1 32. Qxc1 a5 33. Qc8+ Kf7
34. Qd7+ Kf6 35. Qd8+ Kg6 36. Qxa5 h5 37. Qa8 hxg4 38. hxg4 Kf7 39. Kg2 Kg6 40.
Qe8+ Kf6 41. Qd8+ Kf7 42. Qd7+ Kg6 43. Qd3+ Kf7 44. Qd4 Qb8 45. Qf4+ Qxf4 46.
exf4 Kf6 47. Kf3 Ke7 48. Ke4 Kd6 49. Kd4 Kc6 50. g5 Kd6 51. a3 Kc6 52. Ke5 Kd7
53. f5 exf5 54. Kxf5 Ke7 55. Kg6 Kf8 56. f4 Kg8 57. f5 Kh8 58. Kf7 b4 59. axb4
g6 60. Kxg6 1-0

[Event "Lliga Catalana DH"]
[Site "?"]
[Date "2018.03.03"]
[Round "7.8"]
[White "Sorroche Martin, Josep Maria"]
[Black "Ramirez Carizo, Victor"]
[Result "1-0"]
[WhiteElo "2243"]
[BlackElo "2263"]
[PlyCount "91"]
[EventDate "2018.03.05"]
[WhiteTeam "SCU"]
[BlackTeam "BAB"]

1. c4 e5 2. g3 c6 3. Nf3 e4 4. Nd4 d5 5. d3 Nf6 6. Nc3 Bb4 7. cxd5 Qxd5 8. e3
exd3 9. f3 O-O 10. Bxd3 Bh3 11. Bd2 Qd7 12. Qe2 c5 13. Bb5 Qd6 14. Nc2 a6 15.
Bc4 b5 16. Bd3 Bxc3 17. Bxc3 c4 18. Be4 Nxe4 19. fxe4 Nc6 20. Qh5 Bg2 21. Rg1
Bxe4 22. Qg4 Bg6 23. Rd1 Ne5 24. Rxd6 Nxg4 25. Nb4 Nxh2 26. Rh1 Ng4 27. Nd5
Rfd8 28. Ne7+ Kf8 29. Bb4 Rxd6 30. Bxd6 Be4 31. Rh4 Nf6 32. Nd5+ Kg8 33. Nxf6+
gxf6 34. Rxe4 f5 35. Rd4 Kg7 36. Bf4 Rc8 37. Rd5 Rc6 38. Kd2 Kg6 39. Kc3 Re6
40. Kb4 Rc6 41. Rd6+ Rxd6 42. Bxd6 Kf6 43. Ka5 Ke6 44. Kxa6 Kxd6 45. Kxb5 Kd5
46. a4 1-0

[Event "Lliga Catalana DH"]
[Site "?"]
[Date "2018.03.03"]
[Round "7.9"]
[White "Almeria Vivo, Marc"]
[Black "Barcelo Tizon, Christian"]
[Result "0-1"]
[WhiteElo "2299"]
[BlackElo "2164"]
[PlyCount "82"]
[EventDate "2018.03.05"]
[WhiteTeam "BAB"]
[BlackTeam "SCU"]

1. e4 c5 2. Nf3 d6 3. Bb5+ Bd7 4. Bxd7+ Qxd7 5. O-O Nc6 6. Re1 g6 7. c3 Bg7 8.
d4 Nf6 9. d5 Nb8 10. h3 O-O 11. c4 Qc7 12. Nc3 Nbd7 13. Bf4 a6 14. Qd2 Nh5 15.
Bh6 Bxh6 16. Qxh6 f6 17. g4 Ng7 18. e5 Nxe5 19. Rxe5 dxe5 20. Ne4 Ne8 21. Re1
Nd6 22. Nfg5 fxg5 23. Nxg5 e6 24. dxe6 Qg7 25. Qxg7+ Kxg7 26. e7 Rfe8 27. Rxe5
h6 28. Ne6+ Kf6 29. f4 Rxe7 30. Nxc5 Rxe5 31. Nd7+ Kg7 32. Nxe5 Rf8 33. c5 Ne4
34. c6 bxc6 35. Nxc6 Rxf4 36. b4 Nc3 37. a3 Nb1 38. a4 Nc3 39. a5 Rc4 40. Nb8
Rxb4 41. Nxa6 Ra4 0-1

[Event "Lliga Catalana DH"]
[Site "?"]
[Date "2018.03.03"]
[Round "7.10"]
[White "Macaya Ruiz, Alfons"]
[Black "Bosque Ortega, Xavier"]
[Result "0-1"]
[WhiteElo "2176"]
[BlackElo "2297"]
[PlyCount "162"]
[EventDate "2018.03.05"]
[WhiteTeam "SCU"]
[BlackTeam "BAB"]

1. d4 d5 2. c4 c6 3. Nc3 Nf6 4. e3 Bf5 5. cxd5 Nxd5 6. g3 Bg6 7. a3 Nxc3 8.
bxc3 Qd5 9. f3 e5 10. Bg2 e4 11. Nh3 exf3 12. Bxf3 Be4 13. O-O Bxf3 14. Rxf3
Be7 15. Qe2 O-O 16. e4 Qd7 17. Nf2 Na6 18. Nd3 Nc7 19. Ne5 Qe6 20. Bb2 f6 21.
Nc4 b5 22. Nd2 f5 23. a4 fxe4 24. Rxf8+ Bxf8 25. axb5 e3 26. Nf1 cxb5 27. Qxe3
Qb3 28. Qc1 a5 29. Nd2 Qe6 30. Qe1 Qd5 31. Qf1 a4 32. c4 Qg5 33. Qd3 a3 34. Bc1
bxc4 35. Nxc4 Qb5 36. Qc2 Qd5 37. Be3 Nb5 38. Qd3 Bc5 39. Qb3 Nxd4 40. Qa2 Nf3+
41. Kf2 Bxe3+ 42. Nxe3 Qxa2+ 43. Rxa2 Nd4 44. Nc4 Ra4 45. Ne3 Nb5 46. Nc2 Kf7
47. Ke3 Kf6 48. Kd3 Kg5 49. h3 h5 50. Ne3 h4 51. gxh4+ Rxh4 52. Rh2 Rd4+ 53.
Kc2 a2 54. Kb2 Nc3 55. Nc2 Rd3 56. h4+ Kh5 57. Nb4 Rd4 58. Nc2 Rd3 59. Nb4 Rg3
60. Nxa2 Nxa2 61. Kxa2 Rg4 62. Kb3 Rxh4 63. Rg2 g5 64. Kc3 Re4 65. Kd3 Re8 66.
Rh2+ Kg4 67. Rh7 Kg3 68. Kd2 g4 69. Rg7 Kf3 70. Rf7+ Kg2 71. Rf6 g3 72. Rf7 Re4
73. Kd1 Kh3 74. Rh7+ Rh4 75. Rg7 g2 76. Ke2 Rh6 77. Kf2 Rf6+ 78. Ke2 Kh2 79.
Rh7+ Kg1 80. Ra7 Rh6 81. Rf7 Kh1 0-1

[Event "Lliga Catalana DH"]
[Site "?"]
[Date "2018.03.03"]
[Round "7.2"]
[White "Gual Pascual, Antoni"]
[Black "Valle Maytin, Luis Enrique"]
[Result "1/2-1/2"]
[WhiteElo "2485"]
[BlackElo "2363"]
[PlyCount "71"]
[EventDate "2018.03.05"]
[WhiteTeam "PEC"]
[BlackTeam "GER"]

1. d4 d5 2. c4 c6 3. Nf3 Nf6 4. Nc3 g6 5. cxd5 cxd5 6. Bf4 Nc6 7. e3 Bg7 8. h3
O-O 9. Bd3 Nb4 10. Bb1 Nc6 11. O-O b6 12. Bd3 Bb7 13. Rc1 e6 14. a3 Qe7 15. Qe2
Rfc8 16. Rc2 Ne8 17. Rfc1 Na5 18. Nd2 Nd6 19. Nb5 Rxc2 20. Rxc2 Nxb5 21. Bxb5
Rc8 22. Rxc8+ Bxc8 23. b4 Nb7 24. Ba6 e5 25. dxe5 Bxe5 26. Bxe5 Qxe5 27. Nf3
Qa1+ 28. Kh2 Qxa3 29. Bxb7 Bxb7 30. Qb5 Qc3 31. Qe8+ Kg7 32. Qb8 Bc8 33. Nd4 a5
34. bxa5 bxa5 35. Qe5+ Kg8 36. Qxd5 1/2-1/2

[Event "Lliga Catalana DH"]
[Site "?"]
[Date "2018.03.03"]
[Round "7.3"]
[White "Molina Carretero, Daniel"]
[Black "Djuric, Stefan"]
[Result "0-1"]
[WhiteElo "2329"]
[BlackElo "2470"]
[PlyCount "102"]
[EventDate "2018.03.05"]
[WhiteTeam "GER"]
[BlackTeam "PEC"]

1. d4 Nf6 2. c4 e6 3. Nf3 b6 4. g3 Bb7 5. Bg2 Bb4+ 6. Bd2 Be7 7. O-O O-O 8. Nc3
c6 9. Bf4 d5 10. cxd5 cxd5 11. Rc1 Nh5 12. Qd2 Nxf4 13. gxf4 a6 14. Ne5 b5 15.
e3 Nd7 16. Nxd7 Qxd7 17. Rc2 Bd6 18. Rfc1 Qe7 19. Qd3 Qh4 20. Ne2 h6 21. Ng3 f5
22. Qe2 Qe7 23. Qh5 Kh7 24. Bf1 g6 25. Qh3 Rac8 26. Bd3 Rxc2 27. Rxc2 Bc8 28.
Kh1 Bd7 29. Nf1 Rg8 30. Nd2 Rc8 31. Nf3 Rxc2 32. Bxc2 Be8 33. Bd3 Kg7 34. Kg1
Qc7 35. Qf1 Be7 36. Qd1 g5 37. fxg5 hxg5 38. Ne5 Bf6 39. f4 Kh6 40. Kf2 Bh5 41.
Be2 Bxe2 42. Qxe2 gxf4 43. exf4 Bxe5 44. fxe5 Qc1 45. Qe3+ Qxe3+ 46. Kxe3 Kg5
47. Kf3 Kh4 48. Kg2 Kg4 49. b4 Kf4 50. h3 Ke3 51. h4 Kxd4 0-1

[Event "Lliga Catalana DH"]
[Site "?"]
[Date "2018.03.03"]
[Round "7.4"]
[White "Alonso Garcia, Rene"]
[Black "Mundet Riera, Jaume"]
[Result "1-0"]
[WhiteElo "2424"]
[BlackElo "2271"]
[PlyCount "69"]
[EventDate "2018.03.05"]
[WhiteTeam "PEC"]
[BlackTeam "GER"]

1. Nf3 d6 2. e4 Nf6 3. Nc3 e5 4. d4 exd4 5. Nxd4 Be7 6. Be2 O-O 7. O-O Re8 8.
f4 c5 9. Nb3 Nc6 10. Kh1 Bf8 11. Bf3 a6 12. Be3 Be6 13. Bf2 Qc7 14. g4 b5 15.
g5 Nd7 16. Nd2 Nb6 17. Bg2 Rad8 18. Bg3 Bc8 19. f5 Ne5 20. Nd5 Nxd5 21. exd5 c4
22. Ne4 Bb7 23. Qd4 Nd7 24. g6 Be7 25. gxf7+ Kxf7 26. h4 Kg8 27. Ng5 Bf6 28.
Qg4 Bxg5 29. hxg5 Ne5 30. Qh4 Rf8 31. Rad1 Rde8 32. Rf2 Rf7 33. Rdf1 Ref8 34.
Bxe5 dxe5 35. g6 1-0

[Event "Lliga Catalana DH"]
[Site "?"]
[Date "2018.03.03"]
[Round "7.5"]
[White "Gonzalez Vericat, Sergi"]
[Black "Escandell Mari, Juan Carlos"]
[Result "0-1"]
[WhiteElo "2257"]
[BlackElo "2351"]
[PlyCount "108"]
[EventDate "2018.03.05"]
[WhiteTeam "GER"]
[BlackTeam "PEC"]

1. b3 d5 2. Bb2 Nf6 3. e3 Bf5 4. d3 Nbd7 5. h3 h6 6. g4 Bh7 7. f4 e6 8. h4 c6
9. g5 Ng8 10. Bh3 hxg5 11. hxg5 Bg6 12. Qf3 Qa5+ 13. Kf2 Qc5 14. Bc3 Rh7 15.
Bxe6 Rxh1 16. Bxd7+ Kxd7 17. Qxh1 Ne7 18. Nf3 Nf5 19. Ne5+ Kc7 20. d4 Qe7 21.
Qh3 Re8 22. Nd2 Nd6 23. Bb4 Bxc2 24. Rc1 Be4 25. Ba5+ Kb8 26. Rxc6 Bf5 27. Qf1
Rc8 28. Rxc8+ Nxc8 29. Qc1 f6 30. Nef3 b6 31. Bc3 Kb7 32. gxf6 gxf6 33. a4 a5
34. Qh1 Nd6 35. Nh4 Be4 36. Qg1 Qh7 37. Qg4 Qc7 38. Bb2 Qc2 39. Qd7+ Ka8 40.
Ke1 Qxb2 41. Qc6+ Ka7 42. Nxe4 Qb1+ 43. Ke2 Qxe4 44. b4 axb4 45. a5 bxa5 46.
Qc5+ Kb8 47. Qxa5 Qxe3+ 48. Kf1 Qxf4+ 49. Ke2 Qe4+ 50. Kf1 Qxh4 51. Qxb4+ Kc7
52. Qa5+ Kd7 53. Qxd5 Qf4+ 54. Kg1 Qg5+ 0-1

[Event "Lliga Catalana DH"]
[Site "?"]
[Date "2018.03.03"]
[Round "7.6"]
[White "Bru Rullo, Llatzer"]
[Black "Salagran Farregut, Guillem"]
[Result "1/2-1/2"]
[WhiteElo "2315"]
[BlackElo "2262"]
[PlyCount "90"]
[EventDate "2018.03.05"]
[WhiteTeam "PEC"]
[BlackTeam "GER"]

1. d4 e6 2. Nf3 Nf6 3. c4 b6 4. a3 Ba6 5. e3 Be7 6. Bd3 d5 7. cxd5 Bxd3 8. Qxd3
exd5 9. Nc3 O-O 10. O-O a6 11. Bd2 Bd6 12. b4 Re8 13. b5 Qc8 14. a4 a5 15. Bc1
h6 16. Ba3 Qe6 17. Bxd6 Qxd6 18. Rfc1 Nbd7 19. Na2 Rac8 20. Rc6 Qe7 21. Rac1
Nf8 22. R6c2 Ne4 23. Ne5 Ne6 24. Qb3 Nf6 25. Rc6 Red8 26. Nc3 Rd6 27. Ne2 Rxc6
28. Nxc6 Qd6 29. f3 Re8 30. Ng3 g6 31. Qd3 h5 32. e4 dxe4 33. fxe4 Nc5 34. Rxc5
bxc5 35. e5 Qe6 36. exf6 Qxf6 37. Ne2 cxd4 38. Ncxd4 Qe5 39. Qc3 Rd8 40. Qxa5
Rxd4 41. Nxd4 Qxd4+ 42. Kf1 Qf4+ 43. Kg1 Qe3+ 44. Kf1 Qf4+ 45. Kg1 Qe3+ 1/2-1/2

[Event "Lliga Catalana DH"]
[Site "?"]
[Date "2018.03.03"]
[Round "7.7"]
[White "Guso Llorca, Jordi"]
[Black "Castellet Giralt, Gabriel"]
[Result "0-1"]
[WhiteElo "2249"]
[BlackElo "2322"]
[PlyCount "125"]
[EventDate "2018.03.05"]
[WhiteTeam "GER"]
[BlackTeam "PEC"]

1. d4 g6 2. Nf3 Bg7 3. g3 c5 4. d5 d6 5. c4 b5 6. cxb5 a6 7. bxa6 Bxa6 8. Bg2
Nf6 9. O-O O-O 10. Nc3 Nbd7 11. Qc2 Qa5 12. Rd1 Rfb8 13. Rb1 Ng4 14. Bd2 Qb6
15. h3 Nge5 16. Nxe5 Nxe5 17. b3 Ra7 18. Kh2 Qd8 19. Be1 Rab7 20. f4 Nd7 21.
Na4 Bb5 22. Nb2 Qb6 23. Be4 Qa6 24. Nd3 Qa3 25. Nc1 c4 26. bxc4 Ba4 27. Nb3 Nc5
28. Bf3 Nxb3 29. axb3 Bxb3 30. Rd3 Bxc2 31. Rxb7 Bxd3 32. Rxb8+ Bf8 33. exd3
Qxd3 34. Bg2 Qxc4 35. Rb4 Qc5 36. Re4 f5 37. Re2 Kf7 38. h4 Bg7 39. Bf2 Qc4 40.
Re6 Bf6 41. Be3 Qd3 42. Kh3 Bc3 43. Kh2 Be1 44. Bf3 Qc2+ 45. Bg2 Qd1 46. Ba7
Bc3 47. Be3 Qc2 48. Bg1 h6 49. Be3 Qd1 50. Bf2 Bd2 51. Be3 Be1 52. Ba7 Bc3 53.
Bg1 g5 54. hxg5 hxg5 55. fxg5 Qh5+ 56. Bh3 Qxg5 57. Be3 Qh5 58. Bg1 Bd4 59. Re1
Bf6 60. Re6 Qd1 61. Bg2 Bd4 62. Rh6 Bxg1+ 63. Kh3 0-1

[Event "Lliga Catalana DH"]
[Site "?"]
[Date "2018.03.03"]
[Round "7.8"]
[White "Oliva Valero, Oscar"]
[Black "Carrasco Holgado, David"]
[Result "1-0"]
[WhiteElo "2298"]
[BlackElo "2229"]
[PlyCount "109"]
[EventDate "2018.03.05"]
[WhiteTeam "PEC"]
[BlackTeam "GER"]

1. e4 c5 2. Nc3 e6 3. d4 cxd4 4. Qxd4 Nc6 5. Qe3 a6 6. Bd3 Nf6 7. Nge2 d6 8.
O-O Be7 9. Qg3 O-O 10. f4 Qc7 11. Kh1 Re8 12. a3 b5 13. b4 Bb7 14. Bb2 Kh8 15.
Nd1 e5 16. Ne3 Bf8 17. Nf5 g6 18. Qh4 Ng8 19. Ne3 Qd8 20. Qh3 Bg7 21. fxe5 Bc8
22. Qg3 Nxe5 23. Nf4 Nf6 24. Nfd5 Bb7 25. Nxf6 Bxf6 26. Rf4 Bg7 27. Raf1 f6 28.
Rh4 g5 29. Rh5 Bc8 30. h4 h6 31. hxg5 fxg5 32. Nd5 Kg8 33. Be2 Rf8 34. Rd1 Ra7
35. Ne3 Raf7 36. c4 Qf6 37. cxb5 axb5 38. Bxb5 Qg6 39. Be2 Qxe4 40. Re1 Qc6 41.
Bd1 Bb7 42. Bb3 Nd3 43. Nf5 Nxe1 44. Ne7+ Kh7 45. Nxc6 Rf1+ 46. Kh2 Bxb2 47.
Qxg5 Bg7 48. Rxh6+ Bxh6 49. Qe7+ Bg7 50. Qxb7 R1f2 51. Bd5 R8f6 52. Be4+ Kh6
53. Qc8 Bf8 54. Qh3+ Kg7 55. Qh7# 1-0

[Event "Lliga Catalana DH"]
[Site "?"]
[Date "2018.03.03"]
[Round "7.9"]
[White "Parramon Ros, Francesc"]
[Black "Valencia Jimenez, Josep"]
[Result "0-1"]
[WhiteElo "2189"]
[BlackElo "2263"]
[PlyCount "60"]
[EventDate "2018.03.05"]
[WhiteTeam "GER"]
[BlackTeam "PEC"]

1. e4 c5 2. Nc3 Nc6 3. a3 e6 4. Nf3 d5 5. exd5 exd5 6. Bb5 d4 7. Qe2+ Be7 8.
Ne4 Be6 9. d3 Qa5+ 10. b4 Qxb5 11. Nxc5 Bxc5 12. bxc5 Qxc5 13. O-O Qh5 14. Rb1
O-O-O 15. h3 Bd5 16. Bf4 Bxf3 17. gxf3 Nf6 18. c3 Nd5 19. Qb2 Rd7 20. Bg3 dxc3
21. Qb5 Qg6 22. Qc4 f5 23. Rb5 f4 24. Rxd5 Rxd5 25. Qxf4 Rd7 26. Rb1 Qxd3 27.
Rb4 g5 28. Qf6 Nxb4 29. Qxh8+ Rd8 30. Qe5 Na6 0-1

[Event "Lliga Catalana DH"]
[Site "?"]
[Date "2018.03.03"]
[Round "7.10"]
[White "Garcia Acosta, Roger"]
[Black "Rovira Vila, Jaume"]
[Result "1-0"]
[WhiteElo "2220"]
[BlackElo "2177"]
[PlyCount "79"]
[EventDate "2018.03.05"]
[WhiteTeam "PEC"]
[BlackTeam "GER"]

1. e4 c5 2. Nf3 g6 3. d4 cxd4 4. Nxd4 Nc6 5. c4 Bg7 6. Be3 Nh6 7. Nc3 O-O 8.
Be2 f5 9. Qd2 f4 10. Bxf4 Bxd4 11. Bxh6 Bxf2+ 12. Kd1 Rf7 13. Rf1 d6 14. Rc1
Be6 15. Kc2 Qb6 16. Kb1 Bd4 17. Nd5 Bxd5 18. exd5 Ne5 19. Rxf7 Nxf7 20. Bf4 Bf6
21. Bg4 Ne5 22. Be6+ Kh8 23. h4 Bxh4 24. Bxe5+ dxe5 25. Qh6 Qd4 26. Rh1 Qd3+
27. Ka1 g5 28. g3 Qf3 29. Rg1 Qf2 30. Rh1 Qf3 31. Rb1 Bxg3 32. Qxg5 e4 33. Qxe7
e3 34. d6 e2 35. Bd5 Qf2 36. Be4 Kg8 37. Qxh7+ Kf8 38. Qe7+ Kg8 39. Bd5+ Kh8
40. Rh1+ 1-0